Ajuste por inflación (Registro nro. 12474)

Detalles MARC
000 -LEADER
fixed length control field 00284 a2200109 4500
001 - CONTROL NUMBER
control field ART_49236
005 - DATE AND TIME OF LATEST TRANSACTION
control field 20260410161631.0
008 - FIXED-LENGTH DATA ELEMENTS--GENERAL INFORMATION
fixed length control field 260409a
100 1# - MAIN ENTRY--PERSONAL NAME
Personal name Zgaib, Alfredo O.
245 10 - TITLE STATEMENT
Title Ajuste por inflación
773 0# - HOST ITEM ENTRY
Title Enfoques
Related parts - N°6 (jun. 2019)
Record control number REV416

No hay ítems disponibles.